01487cam a2200361 a 450000100060000000300100000600500170001600700030003300800410003604000120007704100080008904300130009708200260011024502170013625000660035330000300041933600270044933700330047633800280050950400280053765000470056565000660061265000460067865000540072470000490077870000500082770000370087770000370091494200120095194900120096399900170097595201330099260499CO-BoRNBP20260216224541.0ta020527s2000 ck a r 00010 spa d ala cla0 aspa as-ck----04a633.74 bT32 219 ed.00aTecnología para el mejoramiento del sistema de producción de cacao /ccompiladores Luis Antonio Mejía Flórez ; Orlando Arguellos Castellanos ...[et al.] ; fotografía Luis Antonio Mejía F. ...[et al.]. aEdición Nidia Ramírez G. ; Luis Antonio Mejía Flórez. a144 p. : bil. ; c26 cm. 2rdacontentatextobtxt 2rdamediaasin mediaciónbn 2rdacarrieravolumenbnc aIncluye bibliografía. 7aCacaox Control de plagas.2BLAAUTO968839 7aCacaox Cultivox Investigacionesz Colombia.2BLAAUTO968840 7aCacaoxCultivozColombia.2BLAAUTO968841 7aCacaox Producciónx Técnica.2BLAAUTO9688421 aArguello Castellanos, Orlando,ecomp.9688431 aMejía Flórez, Luis Antonio,ecomp.9688441 aRamírez G., Nidia,eed.9688451 aMejía F., Luis Antonio.968846 2ddccBK ac bc c60499d60499 00102lcc40708GENaMEPCONCObMEPCONCOcGENd2026-02-16l0o633.74 T21 pPCON01090r2026-02-16 22:47:51tEj.1w2026-02-16yBK